| 000 | 00768nam a22001817a 4500 | ||
|---|---|---|---|
| 999 |
_c19389 _d19389 |
||
| 003 | AR-CdUCM | ||
| 008 | 190517b ||||| |||| 00| 0 spa d | ||
| 040 |
_aMUNICIPALIDAD PROVINCIAL DEL CUSCO _cBIBLIOTECA MUNICIPAL DEL CUSCO |
||
| 082 |
_a126.8 / _bO73 |
||
| 100 |
_aOrtega y Gasset, José _95772 |
||
| 245 |
_aUna interpretación de la historia universal : _bEn torno a Toynbee / |
||
| 260 |
_aMadrid : _bRevista de occidente, _c1960. |
||
| 300 |
_a360 páginas ; _c22 cm. |
||
| 505 | _aContenido : Las carreras -- Arquitectónica de Toynbee -- Etapas en el origen del estado -- Las corridas de toros -- La riqueza y el origen de la razón -- Revisión del itinerario ... | ||
| 650 |
_aHistoria universal. _91423 |
||
| 942 |
_2ddc _cLIBROS |
||
| 945 |
_arum _d2019-05-17 |
||